|
|
|
|
| LEADER |
01088nam a2200313 a 4500 |
| 001 |
37962 |
| 003 |
BD-DhAAL |
| 005 |
20220322145900.0 |
| 008 |
930324r19931992nyu 000 1 eng |
| 999 |
|
|
|c 43844
|d 43844
|
| 010 |
|
|
|a 93010492
|
| 020 |
|
|
|a 0330349937
|
| 020 |
|
|
|a 9780330349932
|
| 040 |
|
|
|a DLC
|c DLC
|d DLC
|d BD-DhAAL
|
| 043 |
|
|
|a e-it---
|
| 050 |
0 |
0 |
|a PR9199.3.O5
|b E54 1993
|
| 082 |
0 |
0 |
|a 813.54
|2 20
|
| 100 |
1 |
|
|a Ondaatje, Michael,
|d 1943-
|9 47252
|
| 245 |
1 |
4 |
|a The English patient /
|c Michael Ondaatje.
|
| 260 |
|
|
|a London :
|b Picador,
|c 1993.
|
| 300 |
|
|
|a 307 pages ;
|c 21 cm.
|
| 541 |
|
|
|a Donated By Akbar Ali Khan
|e 37962
|
| 650 |
|
0 |
|a World War, 1939-1945
|z Italy
|x Fiction.
|9 47253
|
| 651 |
|
0 |
|a Italy
|x Fiction.
|9 47254
|
| 655 |
|
7 |
|a Historical fiction.
|2 gsafd
|9 47259
|
| 655 |
|
7 |
|a War stories.
|2 gsafd
|9 47260
|
| 852 |
|
|
|a Ayesha Abed Library
|c Akbar Ali Khan Collection
|
| 942 |
|
|
|2 ddc
|c BK
|
| 952 |
|
|
|0 0
|1 0
|2 ddc
|4 0
|6 813_540000000000000_OND
|7 1
|9 70228
|a BRACUL
|b BRACUL
|c AAKC
|d 2022-03-22
|e Donated by Akbar Ali Khan
|l 0
|o 813.54 OND
|p 3010037962
|r 2022-03-22
|t 1
|w 2022-03-22
|y BK
|